000 00566nam a22001817a 4500
999 _c173617
_d173617
005 20200303164041.0
010 _aENG-127957
020 _a9789389137309
_c820.00
035 _aEN-111489
037 _bDBAD/PUB
082 _a337.54
100 _aPrabir de
245 _aAct East to act Indo-Pacific :
_bIndia's expanding Neighbourhood/
_cPrabir de
260 _aNew Delhi
_bKnowledge Work
_c2020
270 _a4676/21, First floor, Ansari Road,Daryaganj
_bNew Delhi
_e110002
300 _axix;348p.
_c22cm(pbk)
942 _2ddc
_cEN
_h337.54
_mPRA